Statistics for Hong Kong Bus Record 香港巴士紀錄

Click here to take the quiz!

General Stats

  • This quiz has been taken 86 times
    (85 since last reset)
  • The average score is 30 of 100

Answer Stats

Answer% Correct
Most mid-stations 分站數量最多72.5 個53
79%
Most expensive 最昂貴$ 48.0A10
79%
Longest route 里數最長55.0 kmA10
79%
Most mid-stations 分站數量最多47.5 個A10
79%
Shortest average stop-distance 平均站距最短321 m1 (CTB)
69%
Most mid-stations 分站數量最多49.5 個1 (NLB)
69%
Most expensive 最昂貴$ 40.0A11
69%
Most expensive 最昂貴$ 45.0A12
69%
Longest route 里數最長52.9 kmA12
69%
Most expensive 最昂貴$ 33.0A20/A21
60%
Fewest mid-stations 分站數量最少0.5 個71B
58%
Shortest route 里數最短1.2 km71B
58%
Cheapest 最便宜$ 2.271B
58%
Most expensive 最昂貴$ 42.0A29
58%
Most expensive 最昂貴$ 39.0A22
56%
Most mid-stations 分站數量最多46.0 個11 (NLB)
55%
Most expensive 最昂貴$ 39.0A23
53%
Most expensive 最昂貴$ 42.0A26
53%
Shortest average stop-distance 平均站距最短294 m10 (CTB)
52%
Most expensive 最昂貴$ 45.0A17
50%
Longest route 里數最長55.9 kmA43
45%
Longest average stop-distance 平均站距最遠3.09 kmA41
42%
Longest route 里數最長51.1 kmE22
40%
Longest route 里數最長59.9 kmE22A
40%
Longest route 里數最長50.7 kmA29P
37%
Most expensive 最昂貴$ 42.0A29P
37%
Cheapest per-km cost 每公里數費最便宜$0.246/kmE41
35%
Longest route 里數最長56.5 kmE41
35%
Shortest route 里數最短1.8 km273
34%
Most expensive per-km cost 每公里數費最昂貴$2.11/km273
34%
Shortest route 里數最短2.1 km38
34%
Cheapest 最便宜$ 3.438 (NLB)
34%
Shortest average stop-distance 平均站距最短300 m39M (KMB)
34%
Shortest route 里數最短2.1 km39M (KMB)
34%
Most expensive per-km cost 每公里數費最昂貴$1.81/km39M (KMB)
34%
Cheapest 最便宜$ 3.539M (NLB)
34%
Fewest mid-stations 分站數量最少2.5 個39M (NLB)
34%
Shortest average stop-distance 平均站距最短308 m82
34%
Most mid-stations 分站數量最多54.5 個973
32%
Cheapest per-km cost 每公里數費最便宜$0.302/kmE42
32%
Cheapest 最便宜$ 2.998 (CTB)
29%
Shortest average stop-distance 平均站距最短295 m81 (NWFB)
27%
Longest average stop-distance 平均站距最遠7.47 kmA47X
27%
Longest route 里數最長52.3 kmA47X
27%
Most mid-stations 分站數量最多53.5 個64K
26%
Most expensive per-km cost 每公里數費最昂貴$2.07/km68
26%
Longest average stop-distance 平均站距最遠3.14 kmA36
26%
Cheapest per-km cost 每公里數費最便宜$0.314/kmE21
26%
Most mid-stations 分站數量最多45.5 個106
24%
Longest average stop-distance 平均站距最遠4.52 kmA43P
24%
Longest route 里數最長54.2 kmA43P
24%
Shortest average stop-distance 平均站距最短290 m13
23%
Shortest route 里數最短2.3 km34M/82B/238M
23%
Shortest average stop-distance 平均站距最短323 m37M (KMB)
23%
Most expensive per-km cost 每公里數費最昂貴$1.95/km37M (KMB)
23%
Shortest route 里數最短2.1 km37M (KMB)
23%
Cheapest 最便宜$ 3.537M (NLB)
23%
Fewest mid-stations 分站數量最少2.5 個37M (NLB)
23%
Cheapest per-km cost 每公里數費最便宜$0.279/kmE32
21%
Cheapest 最便宜$ 3.5S1
21%
Fewest mid-stations 分站數量最少1.0 個273B
19%
Most expensive per-km cost 每公里數費最昂貴$2.24/km273B
19%
Shortest route 里數最短1.7 km273B
19%
Longest average stop-distance 平均站距最遠4.52 kmA37
19%
Shortest route 里數最短1.7 km15C
18%
Fewest mid-stations 分站數量最少1.5 個15C
18%
Most expensive per-km cost 每公里數費最昂貴$2.82/km15C
18%
Fewest mid-stations 分站數量最少1.5 個R8
18%
Longest average stop-distance 平均站距最遠4.20 kmR8
18%
Cheapest per-km cost 每公里數費最便宜$0.305/kmS64
18%
Cheapest 最便宜$ 3.5216M
16%
Longest average stop-distance 平均站距最遠3.97 km263
16%
Cheapest 最便宜$ 3.537H
16%
Shortest route 里數最短1.6 km7M
16%
Fewest mid-stations 分站數量最少2.5 個7M
16%
Most expensive per-km cost 每公里數費最昂貴$2.56/km7M
16%
Fewest mid-stations 分站數量最少2.5 個B4
16%
Longest route 里數最長53.2 kmE34A
16%
Cheapest per-km cost 每公里數費最便宜$0.261/kmE34A
16%
Longest average stop-distance 平均站距最遠7.34 kmW3
16%
Most expensive per-km cost 每公里數費最昂貴$2.08/km12A (CTB)
15%
Shortest route 里數最短1.7 km278K
15%
Most expensive per-km cost 每公里數費最昂貴$2.24/km278K
15%
Cheapest 最便宜$ 3.548
15%
Fewest mid-stations 分站數量最少2.0 個B3X
15%
Longest average stop-distance 平均站距最遠5.17 kmB3X
15%
Fewest mid-stations 分站數量最少0.5 個B5
15%
Longest average stop-distance 平均站距最遠10.20 kmB5
15%
Cheapest per-km cost 每公里數費最便宜$0.319/kmE34B
15%
Most mid-stations 分站數量最多41.0 個52X
13%
Cheapest 最便宜$ 3.5S56
13%
Most expensive per-km cost 每公里數費最昂貴$1.91/km82B
11%
Shortest average stop-distance 平均站距最短287 m25A
10%
Cheapest per-km cost 每公里數費最便宜$0.328/km290X
10%
Most mid-stations 分站數量最多41.0 個682
10%
Most mid-stations 分站數量最多46.0 個971
8%
Cheapest per-km cost 每公里數費最便宜$0.330/kmE32A
8%
Shortest average stop-distance 平均站距最短303 m8H
5%
Shortest average stop-distance 平均站距最短320 m702
3%
Cheapest per-km cost 每公里數費最便宜$0.328/km796X
3%

Score Distribution

Percentile by Number Answered

Percent of People with Each Score

Your Score History

You have not taken this quiz since the last reset